The political theory of possessive individualism : Hobbes to Locke

Αποθηκεύτηκε σε:
Λεπτομέρειες βιβλιογραφικής εγγραφής
Κύριος συγγραφέας: Macpherson, C. B. (Crawford Brough), 1911-1987
Μορφή: Βιβλίο
Γλώσσα:English
Δημοσίευση: Oxford : Clarendon Press, 1962.
Θέματα:
Ετικέτες: Προσθήκη ετικέτας
Δεν υπάρχουν, Καταχωρήστε ετικέτα πρώτοι!

MARC

LEADER 00000cam a2200000 a 4500
001 1/113320
008 170310s1962####xx | ||| |||| ||eng||
040 |a GR-MyUa  |b gre  |c GR-MyUa  |e AACR2 
041 0 |a eng 
082 7 |a 320.512   |2 (23) 
100 1 |a Macpherson, C. B.   |q (Crawford Brough),   |d 1911-1987. 
245 1 4 |a The political theory of possessive individualism :   |b Hobbes to Locke /   |c by C. B. Macpherson.  
260 |a Oxford :   |b Clarendon Press,   |c 1962.  
300 |a 310 σ. ;   |c 23 εκ.  
504 |a Περιλαμβάνει βιβλιογραφία.  
600 1 0 |a Harrington, James,  |d 1611-1677. 
600 1 0 |a Hobbes, Thomas,   |d 1588-1679. 
600 1 0 |a Locke, John,   |d 1632-1704. 
650 0 |a Levellers. 
650 0 |a Individualism. 
767 0 8 |t Ατομικισμός και ιδιοκτησία :  
852 |a INST  |b LESVOS  |e 20170310  |h 320.512 MAC  |p 005100058865  |q 005100058865  |t BK  |y 0 
970 |a Τζαφέρη  |b Ευαγγελία  |z 10-03-2017